000 00672nam a2200205 4500
001 136058
003 ES-MaACL
005 20230906195026.0
007 t|
008 070214s1983 sp r ||||1| spa d
100 1 _aRuiz Miguel, Alfonso.
_9100876
245 1 0 _aFilosofía y Derecho en Norberto Bobbio /
_cAlfonso Ruiz Miguel.
260 _aMadrid :
_bCentro de Estudios Constitucionales,
_c1983.
300 _a509 p. ;
_c21 cm.
490 1 _aEl Derecho y la Justicia ;
_v1
710 2 _aCentro de Estudios Constitucionales (España)
_92618
830 0 _aEl Derecho y la Justicia ;
_v1
_9178339
852 _aES-MaACL
_jL-7321
_bR.107733
999 _c136058
_d136058